书目信息 |
| 题名: |
概率统计导学
|
|
| 作者: | 姚泽清 主编 ;姚泽清 编 | |
| 分册: | ||
| 出版信息: | 北京 国防工业出版社 2004.8 |
|
| 页数: | 172页 | |
| 开本: | 26cm | |
| 丛书名: | ||
| 单 册: | ||
| 中图分类: | O21 | |
| 科图分类: | ||
| 主题词: | 概率论--gai lu^ lun--高等学校--教学参考资料 , 数理统计--shu li tong ji--高等学校--教学参考资料 , 数理统计--shu li tong ji , 概率论--gai lu^ lun | |
| 电子资源: | ||
| ISBN: | 7-118-03531-9 | |
| 000 | 01056nam0 2200313 450 | |
| 001 | CAL 0120060800^8 | |
| 005 | 20061030094618.16 | |
| 010 | @a7-118-03531-9@dCNY16.00 | |
| 099 | @aCAL 0120060800^8 | |
| 100 | @a20060918d2004 em y0chiy0120 ea | |
| 101 | 0 | @achi |
| 102 | @aCN@b110000 | |
| 105 | @ak zq 000yy | |
| 200 | 1 | @a概率统计导学@Agai lu^ tong ji dao xue@f姚泽清主编@g姚泽清 … [等]编 |
| 210 | @a北京@c国防工业出版社@d2004.8 | |
| 215 | @a172页@d26cm | |
| 300 | @a高等院校核心课程导学 | |
| 304 | @a本书编写者为: 姚泽清、汪泽焱、刘海峰等 | |
| 330 | @a本书分内容综述、典型例题、同步练习三大部分, 主要介绍各章所涉及的基本概念、基本性质和基本方法。 | |
| 333 | @a阅读对象: 高等院校师生 | |
| 606 | 0 | @a概率论@Agai lu^ lun@x高等学校@j教学参考资料 |
| 606 | 0 | @a数理统计@Ashu li tong ji@x高等学校@j教学参考资料 |
| 606 | 0 | @a数理统计@Ashu li tong ji |
| 606 | 0 | @a概率论@Agai lu^ lun |
| 690 | @aO21@v4 | |
| 701 | 0 | @a姚泽清@Ayao ze qing@4主编 |
| 702 | 0 | @a姚泽清@Ayao ze qing@4编 |
| 801 | 0 | @aCN@c20061030 |
| 905 | @a10447@dO21@eY375 | |
| 概率统计导学/姚泽清主编/姚泽清 … [等]编.-北京:国防工业出版社,2004.8 |
| 172页;26cm |
| 高等院校核心课程导学.-使用对象:阅读对象: 高等院校师生 |
| ISBN 7-118-03531-9:CNY16.00 |
| 本书分内容综述、典型例题、同步练习三大部分, 主要介绍各章所涉及的基本概念、基本性质和基本方法。 |
| ● |
| 相关链接 |
|
|
|
正题名:概率统计导学
索取号:O21/Y375
 
预约/预借
| 序号 | 登录号 | 条形码 | 馆藏地/架位号 | 状态 | 备注 |
| 1 | 634928 | 206349281 | 自科库401/401自科库 46排7列5层/ [索取号:O21/Y375] | 在馆 | |
| 2 | 634929 | 206349290 | 自科库401/401自科库 46排7列5层/ [索取号:O21/Y375] | 在馆 | |
| 3 | 634930 | 206349307 | 自科库401/401自科库 46排7列5层/ [索取号:O21/Y375] | 在馆 |